Alexandre célèbres - Statistiques

Statistiques générales
  • Ce quiz a été pris 62 fois
  • Le résultat moyen est 5 sur 20
Statistiques - réponses
Par images Réponse % Correct
Alexandre le Grand
97%
Alexandre Dumas
90%
Alexandre Astier
84%
Alexandre Brasseur
31%
Alexandre Loukachenko
30%
Alexandre Millerand
28%
Alexandre Soljenitsyne
25%
Alexandre Jardin
20%
Alexandre Devoise
18%
Alexandre Arcady
15%
Alexandre Vinokourov
15%
Alexandre Debanne
13%
Alexandre Pouchkine
11%
Alexandre Kominek
8%
Alexandre Ledru-Rollin
8%
Alexandre Desplat
5%
Alexandre Iddir
5%
Alexandre Alekhine
3%
Alexandre Bompard
2%
Alexandre Grimaldi
2%
Aucun quiz correspondant
Distribution des résultats
% des personnes avec chaque résultat
Percentile par nombre de réponses
Votre historique - résultats
Vous n’avez pas pris ce quiz